<The> long-run real effects of monetary policy keynesian predictions from a neoclassical model

Salvato in:
Dettagli Bibliografici
Autore principale: Espinosa-Vega, Marco
Altri autori: Russell, Steven
Natura: Libro
Lingua:inglese
Pubblicazione: Atlanta Federal Reserve Bank of Atlanta 1998
Serie:Working Paper 98-6
Soggetti:
Tags: Aggiungi Tag
Nessun Tag, puoi essere il primo ad aggiungerne!!

MARC

LEADER 00000nam a2200000 4500
001 c102611
005 20221221082858.7
041 0 |a eng 
044 |a US 
245 1 0 |a <The> long-run real effects of monetary policy  |b keynesian predictions from a neoclassical model  |c Marco Espinosa-Vega and Steven Russell 
264 1 |a Atlanta  |b Federal Reserve Bank of Atlanta  |c 1998 
300 |a 42 s. 
490 1 |a Working Paper  |v 98-6 
830 0 |a Working Paper  |v 98-6 
610 2 0 |a keynesizmus 
610 2 0 |a politika peňažná 
610 2 0 |a modely rastu neoklasické 
100 1 |a Espinosa-Vega, Marco 
700 1 |a Russell, Steven